|
|
|
|
| LEADER |
01401nam a22003017a 4500 |
| 001 |
38007 |
| 003 |
BD-DhAAL |
| 005 |
20220316124539.0 |
| 008 |
220316r20001993ii a|||| |||| 001 0 ben d |
| 999 |
|
|
|c 43795
|d 43795
|
| 020 |
|
|
|a 8170793270
|
| 040 |
|
|
|a BD-DhAAL
|
| 041 |
|
|
|a BEN
|
| 082 |
|
|
|a 891.44709
|2 23
|
| 100 |
|
|
|a মিত্র, অশোক
|9 47059
|
| 245 |
|
|
|a তিন কুড়ি দশ /
|n দ্বিতীয় খন্ড, স্বাধীনতার পথে ১৯৪০-৪৭
|c অশোক মিত্র
|
| 246 |
|
|
|a Tin kuri dash (Vol. II)
|
| 260 |
|
|
|a কলকাতা :
|b দে’জ পাবলিশিং (ভারত),
|c ১৯৯৩ [তৃতীয় সংস্করণ ২০০০]
|
| 300 |
|
|
|a ২৫৬ পৃষ্ঠা :
|b চিএ ;
|c ২১ সে.মি.
|
| 362 |
|
|
|a ২য় খন্ড
|
| 500 |
|
|
|a নিঘন্ট অন্তভূক্ত ।
|
| 541 |
|
|
|a Donated by Akbar Ali Khan
|e 38007
|
| 600 |
|
|
|a Mittra, Asok
|d 1917-1999.
|9 47060
|
| 650 |
|
|
|a Authors, Bengali
|v Biography
|9 47061
|
| 651 |
|
|
|a India
|x Officials and employees, Retired
|v Biography.
|9 47074
|
| 852 |
|
|
|a Ayesha Abed Library
|c Akbar Ali Khan Collection
|
| 942 |
|
|
|2 ddc
|c BK
|
| 952 |
|
|
|0 0
|1 0
|2 ddc
|4 0
|6 891_447090000000000_MIT
|7 1
|9 70161
|a BRACUL
|b BRACUL
|c AAKC
|d 2022-03-16
|e Donated by Akbar Ali Khan
|l 0
|o 891.44709 MIT
|p 3010038007
|r 2022-03-16
|t 1
|w 2022-03-16
|y BK
|